| 000 | 00936nam a22002417a 4500 | ||
|---|---|---|---|
| 005 | 2009070609189.0 | ||
| 008 | 090706t xxu||||| |||| 00| 0 eng d | ||
| 010 | _aENG-94312 | ||
| 020 |
_a0198060831 _c395.00 |
||
| 020 |
_a9780198060833 _c395.00 |
||
| 035 | _aEN-77845 | ||
| 037 | _bDBAD / PUB | ||
| 040 |
_adpl _bEnglish |
||
| 082 | _a305.42 | ||
| 100 | _aUberoi, Patricia | ||
| 245 |
_aFreedom and destiny: _cby Patricia Uberoi _bgender, family, and popular culture in India / |
||
| 260 |
_aNew Delhi _bOxford University Press _c2009 |
||
| 270 |
_aYMCA Library Building, Jai Singh Road, _bNew Delhi _e110001 |
||
| 300 |
_axix, 379p. _c23cm(pbk) |
||
| 500 | _aIncludes references and index | ||
| 942 |
_2ddc _cEN _mUBE _h305.42 |
||
| 999 |
_c28074 _d28074 |
||